000 00549cam a2200217 4500
001 B2922
008 090401t1990 xxu||||| |||| 00| 0 eng d
035 _a(Sirsi) u52913
041 _aeng
050 _a711.1
100 _aDavidson, A.W.
245 _aCity of Westminster temporary office permissions 1990: where do you stand?
250 _a2nd ed.
260 _aLondon
_bFuller Peiser
_c1990.
300 _a12p. : ill. ; 30cm.
350 _a0
650 _aOFFICES
650 _aPLANNING PERMISSION
942 _n0
948 _c04/03/1997
999 _c93191
_d93191